All essential minerals - Statistics

General Stats
  • This quiz has been taken 3 times
  • The average score is 10 of 21
Answer Stats
Answer Hint % Correct
magnesium Muscle and nerve function,enzyme cofactor
100%
sulfur Component of amino acids and proteins
100%
boron Supports bone health and vitamin D metabolism
67%
calcium Builds bones and teeth
67%
chloride|chlorine Fluid balance, Stomach acid production
67%
flouride|flourine Not essential but important for teeth to prevent cavities.
67%
iron Essential to make Hemoglobin
67%
phosphorus|phosphate Bones, Teeth and ATP energy
67%
silicon supports connective tissue and bone health may helpcollagen formation
67%
sodium Fluid balance,nerve transmission,muscle contraction
67%
chromium Helps insulin work, blood sugar regulation
33%
cobalt Not essential by itself but is the heart of vitamin b12which is essential for red blood cell and dna production.
33%
copper Energy production, iron metabolism
33%
iodine Essential for thyroid and metabolism
33%
potasium Muscle contraction, nerve impulses
33%
vanadium possible role in glucose metabolism insulin like effects
33%
zinc DNA synthesis,immune health and wound healing
33%
bromide Officially essential critical for the usage of collagen IVworks as a cofactor
0%
manganese Cofactor for enzymes in metabolism and bone devolpment
0%
molybdenum Cofactor for enzymes that break down sulfur and drugs
0%
selenium antioxidant enzymes,thyroid hormones.
0%
No matching quizzes found
Score Distribution
Percent of People with Each Score
Percentile by Number Answered
Your Score History
You have not taken this quiz